<?xml version="1.0" encoding="UTF-8"?>
<record
    xmlns:xsi="http://www.w3.org/2001/XMLSchema-instance"
    xsi:schemaLocation="http://www.loc.gov/MARC21/slim http://www.loc.gov/standards/marcxml/schema/MARC21slim.xsd"
    xmlns="http://www.loc.gov/MARC21/slim">

  <leader>03563nam a2200373   4500</leader>
  <controlfield tag="003">OSt</controlfield>
  <controlfield tag="005">20260514101500.0</controlfield>
  <controlfield tag="008">260514b        |||||||| |||| 00| 0 aze d</controlfield>
  <datafield tag="040" ind1=" " ind2=" ">
    <subfield code="a">AZ-XaKU</subfield>
    <subfield code="b">aze</subfield>
    <subfield code="c">AZ-XaKU</subfield>
  </datafield>
  <datafield tag="041" ind1="0" ind2=" ">
    <subfield code="a">aze</subfield>
  </datafield>
  <datafield tag="050" ind1="1" ind2="4">
    <subfield code="a">JZ1464 .H29 2005</subfield>
  </datafield>
  <datafield tag="100" ind1="1" ind2=" ">
    <subfield code="a">H&#x259;s&#x259;nov, &#x18F;li,</subfield>
    <subfield code="e">m&#xFC;&#x259;llif.</subfield>
  </datafield>
  <datafield tag="245" ind1="1" ind2=" ">
    <subfield code="a">M&#xFC;asir beyn&#x259;lxalq m&#xFC;nasib&#x259;tl&#x259;r v&#x259; Az&#x259;rbaycan&#x131;n xarici siyas&#x259;ti</subfield>
    <subfield code="b">/ &#x18F;li H&#x259;s&#x259;nov ; elmi redaktorlar Seyf&#x259;ddin Q&#x259;ndilov, &#x18F;r&#x259;stun Mehdiyev ; r&#x259;y&#xE7;il&#x259;r Musa Qas&#x131;ml&#x131;, Namiq Axundov ; m&#x259;sl&#x259;h&#x259;t&#xE7;il&#x259;r Novruz M&#x259;mm&#x259;dov, X&#x259;l&#x259;f X&#x259;l&#x259;fov</subfield>
  </datafield>
  <datafield tag="264" ind1=" " ind2=" ">
    <subfield code="a">Bak&#x131;:</subfield>
    <subfield code="b">"Az&#x259;rbaycan" n&#x259;&#x15F;riyyat&#x131;,</subfield>
    <subfield code="c">2005.</subfield>
  </datafield>
  <datafield tag="300" ind1=" " ind2=" ">
    <subfield code="a">752 s&#x259;hif&#x259; ;</subfield>
    <subfield code="c">22 sm.</subfield>
  </datafield>
  <datafield tag="336" ind1=" " ind2=" ">
    <subfield code="a">text</subfield>
    <subfield code="b">txt</subfield>
    <subfield code="2">rdacontent</subfield>
  </datafield>
  <datafield tag="337" ind1=" " ind2=" ">
    <subfield code="a">unmediated</subfield>
    <subfield code="b">n</subfield>
    <subfield code="2">rdamedia</subfield>
  </datafield>
  <datafield tag="338" ind1=" " ind2=" ">
    <subfield code="a">volume </subfield>
    <subfield code="b">nc</subfield>
    <subfield code="2">rdacarrier</subfield>
  </datafield>
  <datafield tag="500" ind1=" " ind2=" ">
    <subfield code="a">Az&#x259;rbaycan Respublikas&#x131;n&#x131;n Prezidenti yan&#x131;nda D&#xF6;vl&#x259;t &#x130;dar&#x259;&#xE7;ilik Akademiyas&#x131;n&#x131;n B&#xF6;y&#xFC;k Elmi &#x15E;uras&#x131;n&#x131;n t&#xF6;vsiy&#x259;si, Az&#x259;rbaycan Respublikas&#x131;n&#x131;n t&#x259;hsil nazirinin 12 sentyabr 2005-ci il tarixli, 653 &#x2116;-li &#x259;mri il&#x259; ali m&#x259;kt&#x259;bl&#x259;rin &#x201C;Beyn&#x259;lxalq m&#xFC;nasib&#x259;tl&#x259;r&#x201D; ixtisas&#x131; &#xFC;zr&#x259; d&#x259;rslik kimi t&#x259;sdiq edilmi&#x15F;dir.</subfield>
  </datafield>
  <datafield tag="504" ind1=" " ind2=" ">
    <subfield code="a">D&#x259;rslik &#xFC;zr&#x259; istifad&#x259; oluna bil&#x259;c&#x259;k dig&#x259;r xarici &#x259;d&#x259;biyyat v&#x259; internet resurslar&#x131;: s. 740-751</subfield>
  </datafield>
  <datafield tag="505" ind1="0" ind2=" ">
    <subfield code="a">I Hiss&#x259;. Beyn&#x259;lxalq m&#xFC;nasib&#x259;tl&#x259;r sistemi: yaranmas&#x131;, inki&#x15F;af&#x131;, m&#xFC;asir xarakteristikas&#x131; v&#x259; tendensiyalar&#x131; ; I F&#x259;sil. Beyn&#x259;lxalq m&#xFC;nasib&#x259;tl&#x259;r: n&#x259;z&#x259;ri m&#x259;nb&#x259;l&#x259;r, konseptual yana&#x15F;malar -- II F&#x259;sil. Beyn&#x259;lxalq m&#xFC;nasib&#x259;tl&#x259;r sistemi: formala&#x15F;ma tarixi v&#x259; &#x259;sas inki&#x15F;af m&#x259;rh&#x259;l&#x259;l&#x259;ri -- III F&#x259;sil. M&#xFC;asir beyn&#x259;lxalq m&#xFC;nasib&#x259;tl&#x259;r sisteminin yaranmas&#x131;: xarakteristikas&#x131;, tendensiyalar&#x131; v&#x259; &#x259;sas aktorlar&#x131; -- II Hiss&#x259;. Az&#x259;rbaycan&#x131;n xarici siyas&#x259;ti v&#x259; m&#xFC;asir beyn&#x259;lxalq m&#xFC;nasib&#x259;tl&#x259;r sistemin&#x259; qat&#x131;lmas&#x131; ; IV F&#x259;sil. Az&#x259;rbaycan&#x131;n beyn&#x259;lxalq m&#xFC;nasib&#x259;tl&#x259;r sistemin&#x259; qat&#x131;lmas&#x131;: xarici siyas&#x259;t f&#x259;aliyy&#x259;tinin formala&#x15F;mas&#x131; v&#x259; inki&#x15F;af&#x131; -- V F&#x259;sil. Az&#x259;rbaycan m&#xFC;asir beyn&#x259;lxalq m&#xFC;nasib&#x259;tl&#x259;r sistemind&#x259;: ikit&#x259;r&#x259;fli &#x259;laq&#x259;l&#x259;r -- VI F&#x259;sil. Az&#x259;rbaycan&#x131;n beyn&#x259;lxalq al&#x259;ml&#x259; &#xE7;oxt&#x259;r&#x259;fli m&#xFC;nasib&#x259;tl&#x259;ri -- VII F&#x259;sil. Az&#x259;rbaycan regional m&#xFC;nasib&#x259;tl&#x259;r sistemind&#x259;: ikit&#x259;r&#x259;fli &#x259;laq&#x259;l&#x259;r -- VIII F&#x259;sil. Avrasiya subregional inteqrasiyas&#x131; v&#x259; Az&#x259;rbaycan&#x131;n &#xE7;oxt&#x259;r&#x259;fli regional &#x259;laq&#x259;l&#x259;ri -- IX F&#x259;sil. D&#xFC;nya &#xF6;lk&#x259;l&#x259;rinin enerji siyas&#x259;ti v&#x259; Az&#x259;rbaycan&#x131;n yeni neft strategiyas&#x131; -- X F&#x259;sil. Az&#x259;rbayacan&#x131;n t&#x259;hl&#xFC;k&#x259;sizlik probleml&#x259;ri v&#x259; Erm&#x259;nistan-Az&#x259;rbaycan, Da&#x11F;l&#x131;q Qaraba&#x11F; m&#xFC;naqi&#x15F;&#x259;si.</subfield>
  </datafield>
  <datafield tag="520" ind1="0" ind2=" ">
    <subfield code="a">D&#x259;rslikd&#x259; beyn&#x259;lxalq m&#xFC;nasib&#x259;tl&#x259;r sisteminin formala&#x15F;mas&#x131; v&#x259; inki&#x15F;af m&#x259;rh&#x259;l&#x259;l&#x259;ri, m&#xFC;asir d&#xFC;nya siyas&#x259;tinin xarakteristikas&#x131;, tendensiyalar&#x131; v&#x259; &#x259;sas aktorlar&#x131;, beyn&#x259;lxalq v&#x259; regional m&#x259;s&#x259;l&#x259;l&#x259;r, o c&#xFC;ml&#x259;d&#x259;n m&#xFC;st&#x259;qil Az&#x259;rbaycan Respublikas&#x131;n&#x131;n xarici siyas&#x259;ti &#xF6;z &#x259;ksini tapm&#x131;&#x15F;d&#x131;r.</subfield>
  </datafield>
  <datafield tag="521" ind1=" " ind2=" ">
    <subfield code="a">D&#x259;rslik ali m&#x259;kt&#x259;bl&#x259;rin uy&#x11F;un ixtisaslar&#x131; v&#x259; m&#xFC;vafiq fak&#xFC;lt&#x259;l&#x259;rinin t&#x259;l&#x259;b&#x259;l&#x259;ri, aspirantlar, g&#x259;nc diplomatlar v&#x259; beyn&#x259;lxalq m&#xFC;nasib&#x259;tl&#x259;rl&#x259; maraqlanan dig&#x259;r oxucular &#xFC;&#xE7;&#xFC;n n&#x259;z&#x259;rd&#x259; tutulmu&#x15F;dur.</subfield>
  </datafield>
  <datafield tag="650" ind1=" " ind2="7">
    <subfield code="a">Beyn&#x259;lxalq m&#xFC;nasib&#x259;tl&#x259;r</subfield>
    <subfield code="2">AZ-XaKU</subfield>
  </datafield>
  <datafield tag="655" ind1=" " ind2=" ">
    <subfield code="2">Az-XaKU</subfield>
    <subfield code="a">d&#x259;rslik</subfield>
  </datafield>
  <datafield tag="700" ind1="1" ind2=" ">
    <subfield code="a">Q&#x259;ndilov, Seyf&#x259;ddin,</subfield>
    <subfield code="e">elmi redaktor.</subfield>
  </datafield>
  <datafield tag="700" ind1="1" ind2=" ">
    <subfield code="a">Mehdiyev, &#x18F;r&#x259;stun,</subfield>
    <subfield code="e">elmi redaktor.</subfield>
  </datafield>
  <datafield tag="700" ind1="1" ind2=" ">
    <subfield code="a">Qas&#x131;ml&#x131;, Musa,</subfield>
    <subfield code="e">r&#x259;y&#xE7;i.</subfield>
  </datafield>
  <datafield tag="700" ind1="1" ind2=" ">
    <subfield code="a">Axundov, Namiq,</subfield>
    <subfield code="e">r&#x259;y&#xE7;i.</subfield>
  </datafield>
  <datafield tag="700" ind1="1" ind2=" ">
    <subfield code="a">M&#x259;mm&#x259;dov, Novruz,</subfield>
    <subfield code="e">m&#x259;sl&#x259;h&#x259;t&#xE7;i.</subfield>
  </datafield>
  <datafield tag="700" ind1="1" ind2=" ">
    <subfield code="a">X&#x259;l&#x259;fov, X&#x259;l&#x259;f,</subfield>
    <subfield code="e">m&#x259;sl&#x259;h&#x259;t&#xE7;i.</subfield>
  </datafield>
  <datafield tag="942" ind1=" " ind2=" ">
    <subfield code="c">BOOK</subfield>
  </datafield>
  <datafield tag="999" ind1=" " ind2=" ">
    <subfield code="c">475</subfield>
    <subfield code="d">475</subfield>
  </datafield>
  <datafield tag="952" ind1=" " ind2=" ">
    <subfield code="0">0</subfield>
    <subfield code="1">0</subfield>
    <subfield code="2">lcc</subfield>
    <subfield code="4">0</subfield>
    <subfield code="7">0</subfield>
    <subfield code="8">GC</subfield>
    <subfield code="a">KU</subfield>
    <subfield code="b">KU</subfield>
    <subfield code="d">2026-05-14</subfield>
    <subfield code="l">0</subfield>
    <subfield code="o">JZ1464 .H29 2005</subfield>
    <subfield code="p">0000000356</subfield>
    <subfield code="r">2026-05-14 10:16:48</subfield>
    <subfield code="t">1</subfield>
    <subfield code="w">2026-05-14</subfield>
    <subfield code="y">BOOK</subfield>
  </datafield>
</record>
